Регионална библиотека "Любен Каравелов" - Русе

Grand dictionnaire des animaux (Запис номер 14742)

MARC детайли
000 -Лидер
Контролно поле с фиксирана дължина 01231nam a2200349 c 4500
003 - Код на организацията, давaща контролен номер
Контролно поле BLK
005 - Дата и час на последна редакция
Контролно поле 20180420215001.0
008 - Елементи от данни с фиксирана дължина
fixed length control field 180412b bul|||||r ||||||| ||bul||
010 ## - Наследен системен номер
LC control number KNG00016465000
040 ## - Източник на каталожния запис
Идентификатор на билиотеката - собственик на записа BLK
041 ## - Код за език
Код за езика на текст/звукозапис или на отделно заглавие Френски
Код за езика КДБФ Френски
080 ## - УДК
Текстов определител УДК Систематична (специална) зоология. Вж и 562/569; 57.06
УДК код - определител по УДК 592/599
УДК определител (03)
УДК - код + определител 592/599(03)
100 1# - Редна дума - Автор
Автор Burton, Maurice
Авторска отговорност първи автор
R(LIN) 259566
139 ## - Редно поле
Редна дума Burton, Maurice et al.
Авторски знак Bur - B 96
245 10 - Сведения за заглавието
Заглавие Grand dictionnaire des animaux
Подзаглавни данни T. 1 -
Редно поле (дума) Maurice Burton; съавт. Robert Burton; red. Paul Schauenberg.
Том T. 5
Заглавие на том Cigognides - Couleuvre
257 ## - Страна на издаване
Страна на създаване/издаване Швейцария
260 ## - Област на издателските данни
-- Geneve
Име на издателя, разпространителя и проч. Bordas
Година на издаване 1972 -
300 ## - Физическа характеристика
Размери/Мащаб 28 cm
380 ## - Жанр
Жанр Естествени науки. Математика
650 #4 - Допълнително описание по предмет – тема
Основно описание – тема или топоним Животни - енциклопедии
9 (RLIN) 252991
653 ## - Ключова дума – ненормативна
Ключова дума животни
653 ## - Ключова дума – ненормативна
Ключова дума диви животни
653 ## - Ключова дума – ненормативна
Ключова дума енциклопедии
700 1# - Други автори (авторска отговорност)
Лично име Burton, Robert
Автороска отговорност (Описва отношението между автора и произведението) съавт.
9 (RLIN) 259567
700 1# - Други автори (авторска отговорност)
Лично име Schauenberg, Paul
Автороска отговорност (Описва отношението между автора и произведението) red.
9 (RLIN) 23459
760 1# - Описание на основната серия
Редна дума на основното описание Burton, Maurice
Място на издаване, издател и година 1973
Страници - том p. 805 - 1002 : ill.
Заглавие T. 5 Cigognides - Couleuvre
852 ## - Местоположение
Форматна сигнатура Цб ІІ 5682
856 4# - Електронен адрес и достъп
Електронен формат pdf - файл
Път до файла /url/
856 4# - Електронен адрес и достъп
Електронен формат pdf - файл
Път до файла /url/
942 ## - АРТИКУЛИ
Вид на библиотечния материал Книги
Скрит в OPAC Не
944 ## - СЪЗДАВАНЕ И РЕДАКЦИЯ на ЗАПИСА
Създаване/Редакция Създаване
Дата на регистрацията/редакция 19.05.2004
Служител, извършил регистрацията/редакцията Геновева_Генчева
944 ## - СЪЗДАВАНЕ И РЕДАКЦИЯ на ЗАПИСА
Създаване/Редакция Редакция
Дата на регистрацията/редакция 26.05.2004
Служител, извършил регистрацията/редакцията
999 ## - СИСТЕМНИ КОНТРОЛНИ НОМЕРА
Koha biblionumber 14742
Koha biblioitemnumber 14742
Наличности
Код за отписване Код за изгубен артикул Източник на класификационната схема Код за повреда Код за отдаване Артикулен № Име на библиотеката - собственик Име на библиотеката, в която се намира в момента Статус (Текущо местоположение) Дата на вписване в системата Местоположение - отдел Цена в лева Инвентарен номер Систематично азбучна сигнатура Баркод Номер на екземпляра Цена в евро Служебна бележка Служебен тип на артикула
  Не е изгубен Universal Decimal Classification Не е повреден ползва се в читалня 25172 Регионална библиотека "Любен Каравелов" Русе Регионална библиотека "Любен Каравелов" Русе Основен фонд - ползва се само за читалня 1973-01-01 Хранилище 13.66 191169 Цб ІІ 5682 120000191169 1 6.98 Дост: DA Вид: А N: стар фонд Дата: 01.01.1973 Дата инв: 16.03.2017 Бележки инв: СЧ2017 Книги
Vip Innovations Ltd, Rousse, Bulgaria 2025